Drapeaux du Monde - Click Quiz - Statistiques

Statistiques générales
  • Ce quiz a été pris 5 563 fois
  • Le résultat moyen est 93 sur 194
Statistiques - réponses
Hint Réponse % Correct
Canada
66%
Espagne
66%
Afrique du Sud
65%
Allemagne
65%
Argentine
65%
France
65%
Italie
65%
Japon
65%
Portugal
65%
Belgique
64%
Brésil
64%
États-Unis
64%
Grèce
64%
Israël
64%
Maroc
64%
Royaume-Uni
64%
Suisse
64%
Albanie
63%
Algérie
63%
Chine
63%
Chypre
63%
Inde
63%
Mexique
63%
Ukraine
63%
Corée du Sud
62%
Croatie
62%
Russie
62%
Suède
62%
Égypte
61%
Finlande
61%
Jamaïque
61%
Turquie
61%
Arabie Saoudite
60%
Norvège
60%
Tunisie
60%
Australie
59%
Danemark
59%
Liban
59%
Macédoine du Nord
59%
Qatar
59%
ou Roumanie ou Tchad
59%
Népal
58%
Pays-Bas
58%
Autriche
57%
Corée du Nord
57%
Géorgie
57%
Pologne
57%
Vatican
57%
Viêt Nam
57%
Irlande
56%
Kenya
56%
Luxembourg
56%
République Tchèque
56%
Uruguay
56%
Bangladesh
55%
Colombie
55%
Estonie
55%
Bosnie-Herzégovine
54%
Chili
54%
ou Indonésie ou Monaco
54%
Iran
54%
Kosovo
54%
Malte
54%
Panama
54%
Serbie
54%
Angola
53%
Cambodge
53%
Islande
53%
Nouvelle-Zélande
53%
Pakistan
53%
Bhoutan
52%
Bulgarie
52%
Cuba
52%
Nigeria
52%
Sri Lanka
52%
Andorre
51%
Biélorussie
51%
Côte d'Ivoire
51%
Pérou
51%
Saint-Marin
51%
Seychelles
51%
Slovaquie
51%
Arménie
50%
Cameroun
50%
Équateur
50%
Kazakhstan
50%
Singapour
50%
Thaïlande
50%
Venezuela
50%
Hongrie
49%
Liechtenstein
49%
Sénégal
49%
Slovénie
49%
Afghanistan
48%
Barbade
48%
Éthiopie
48%
Laos
48%
Lettonie
48%
Monténégro
48%
Somalie
48%
Madagascar
47%
Ouganda
47%
Philippines
47%
République Démocratique du Congo
47%
Azerbaïdjan
46%
Honduras
46%
Irak
46%
Malaisie
46%
Mongolie
46%
Burkina Faso
45%
Costa Rica
45%
Haïti
45%
Bahreïn
44%
Cap-Vert
44%
Émirats Arabes Unis
44%
Paraguay
44%
République Centrafricaine
44%
Comores
43%
Gabon
43%
Lituanie
43%
Antigua-et-Barbuda
42%
Bahamas
42%
Ghana
42%
Liberia
42%
Mauritanie
42%
Moldavie
42%
Niger
42%
Palaos
42%
République Dominicaine
42%
Sainte-Lucie
42%
Syrie
42%
Belize
41%
Fidji
41%
Lesotho
41%
Ouzbékistan
41%
Papouasie-Nouvelle- Guinée
41%
Taïwan
41%
Botswana
40%
Brunei
40%
Burundi
40%
Eswatini
40%
Kirghizistan
40%
Libye
40%
Mozambique
40%
Tanzanie
40%
Turkménistan
40%
Bénin
39%
Érythrée
39%
Tonga
39%
Birmanie
38%
Guatemala
38%
Malawi
38%
Mali
38%
Oman
38%
Yémen
38%
Zambie
38%
Grenade
37%
Kiribati
37%
Maldives
37%
Nicaragua
37%
Suriname
37%
Togo
37%
Zimbabwe
37%
Djibouti
36%
Dominique
36%
États Fédérés de Micronésie
36%
Jordanie
36%
Maurice
36%
Rwanda
36%
Trinité-et-Tobago
36%
Koweït
35%
République du Congo
35%
Guyana
34%
Namibie
34%
Saint-Vincent-et-les- Grenadines
34%
Sierra Leone
34%
Tadjikistan
34%
Bolivie
33%
Soudan du Sud
33%
Guinée Équatoriale
32%
Îles Marshall
32%
Nauru
32%
Samoa
32%
Timor Oriental
32%
Gambie
31%
Vanuatu
31%
Guinée
30%
Soudan
30%
Salvador
29%
Sao Tomé-et-Principe
29%
Guinée-Bissau
28%
Saint-Christophe- et-Niévès
27%
Tuvalu
27%
Îles Salomon
26%
Aucun quiz correspondant
Distribution des résultats
% des personnes avec chaque résultat
Percentile par nombre de réponses
Votre historique - résultats
Vous n’avez pas pris ce quiz